[Event "ISR-chT 2019"]
[Site "Israel"]
[Date "2019.05.05"]
[Round "11.21"]
[White "Steinberg, Nitzan"]
[Black "Zifroni, Dov"]
[Result "1-0"]
[WhiteElo "2535"]
[BlackElo "2448"]
[Annotator "TA"]
[PlyCount "79"]
[EventDate "2019.01.04"]
[EventType "team-tourn"]
[EventCountry "ISR"]
[SourceTitle "playchess.com"]
[Source "ChessBase"]
[SourceQuality "1"]

{[%evp 15,79,10,20,13,13,27,25,18,18,20,9,12,18,17,14,18,18,16,16,7,29,0,16,0,0,0,22,25,25,25,25,21,47,43,47,40,49,56,64,59,67,56,93,105,105,105,105,105,105,107,110,86,84,79,113,93,137,137,343,341,803,783,757,725,2271,1862]} 1. e4 e5 2. Nf3 Nc6 3. Bb5 Nf6 4. O-O Nxe4 5. Re1 Nd6 6. Nxe5 Be7 7. Bf1 Nxe5 8. Rxe5 O-O 9. Nc3 {C67: Ruy Lopez: Berlin Defence: 4 0-0 Nxe4} Bf6 10. Re1 Re8 11. Nd5 {White has an edge.} Rxe1 12. Qxe1 b6 13. g3 Bb7 14. Bg2 Bxd5 15. Bxd5 c6 {[#]} 16. Bf3 $146 ({Predecessor:} 16. Bg2 Qe8 {½-½ (35) Nakamura,H (2779)-Anand,V (2779) Saint Louis 2016}) 16... Nc4 17. Rb1 Qe8 18. Qd1 (18. Qe2 $5 {[%cal Re2c4]} Nd6 19. Qxe8+ Rxe8 20. Kf1 $11) 18... Qe6 19. b3 {[#] And now Bg4 would win.} Ne5 20. Bg2 Ng6 21. d4 Re8 {Threatens to win with ...Qe1+.} 22. Be3 Ne7 23. Qd3 Nd5 {[%cal Rd5e3]} 24. Bd2 Qd6 25. c3 b5 26. Rd1 a5 27. Bf3 h6 28. h4 b4 29. c4 Nc3 30. Bxc3 bxc3 31. Qxc3 Qb4 32. Qd3 Re1+ 33. Rxe1 Qxe1+ 34. Kg2 Kf8 35. Bg4 d6 36. Bf3 Qa1 $2 (36... c5 $16) 37. Qf5 $18 ({Much less strong is} 37. Bxc6 g6 $18) 37... Qxd4 $2 (37... Qe1 38. Bxc6 Kg8) 38. Qc8+ {[%mdl 64] [#] Double Attack. White is clearly winning.} Ke7 39. Bxc6 {[%csl Gc6][%cal Rc8e8]} Be5 40. Qd7+ {Accuracy: White = 79%, Black = 47%.} 1-0

[Event "ISR-chT 2019"]
[Site "Israel"]
[Date "2019.05.05"]
[Round "11.22"]
[White "Caspi, Israel"]
[Black "Manor, Ilan"]
[Result "1-0"]
[WhiteElo "2458"]
[BlackElo "2457"]
[Annotator "TA"]
[PlyCount "105"]
[EventDate "2019.01.04"]
[EventType "team-tourn"]
[EventCountry "ISR"]
[SourceTitle "playchess.com"]
[Source "ChessBase"]
[SourceQuality "1"]

{[%evp 17,105,35,16,33,67,15,95,104,97,97,132,111,116,104,100,98,106,107,102,100,104,89,100,94,111,89,102,83,128,57,65,68,68,56,73,66,88,91,79,86,91,89,95,84,98,109,99,-42,-52,-187,-169,-135,-118,-125,-91,-97,-61,-250,0,0,274,278,264,268,268,266,259,172,156,144,248,260,355,352,368,357,375,375,365,364,335,266,268,76,392,392,449,429,553,538]} 1. e4 c5 2. Nf3 e6 3. d4 cxd4 4. Nxd4 Nc6 5. Nc3 Qc7 6. Be3 a6 7. Qd2 Nf6 8. O-O-O Bb4 9. f3 Ne5 10. Nb3 {B48: Sicilian: Taimanov: 5 Nc3 Qc7 6 Be3 a6 without Be2} O-O (10... b5 11. Qf2 Be7 12. g4 d6 13. Rg1 Rb8 14. g5 Nfd7 15. f4 b4 16. Ne2 Nc4 17. Ng3 Nxe3 18. Qxe3 Qb6 19. Qxb6 Rxb6 {½-½ (52) Dominguez Perez,L (2732)-Vachier Lagrave,M (2758) Berlin 2015}) 11. Bd4 (11. a3 $14 Bxc3 12. Qxc3 Qxc3 13. bxc3) 11... Nc6 (11... Be7 $11 {remains equal.}) 12. Bxf6 $146 {White is better.} ({Predecessor:} 12. Bc5 Bxc5 13. Nxc5 b6 14. Nb3 Rd8 15. Qd6 Qxd6 16. Rxd6 Ne8 17. Rd1 {½-½ (53) Moreno Tejera,E (2358)-Trujillo Alvarado,I (2151) San Agustin 2012}) 12... gxf6 13. Qh6 Be7 14. f4 Kh8 15. Rd3 $1 {[%cal Rd3h3]} Rg8 16. Rh3 {[%csl Gh3][%cal Rh6h7]} Rg7 17. Bd3 Nb4 18. Rd1 Qd8 19. Be2 Qg8 20. g4 b5 21. Kb1 (21. Bf3 {keeps more tension.} Nc6 22. Kb1 Ra7 23. Qh4 d6 24. Qf2) 21... d6 22. Qh4 Qd8 23. Qe1 (23. Nd4 $16) 23... Nc6 $14 24. Bf3 Qb6 25. Rh5 Qc7 26. Rd3 b4 27. Nd1 a5 28. Be2 $1 a4 29. Rdh3 $1 {[#] Qh4 would kill now.} f5 $1 {[%mdl 512]} 30. g5 $1 (30. exf5 axb3) 30... Bxg5 (30... axb3 31. Qh4 $18) 31. fxg5 {aiming for Qh4.} axb3 32. cxb3 (32. Qh4 $1 $16 {[%cal Rh5h7]} bxc2+ 33. Kc1 cxd1=Q+ 34. Kxd1) 32... Nd4 $15 {( -> ...Qc2+!)} 33. Bc4 ({Only move:} 33. Bd3 $15 Ba6 34. Qd2 Bxd3+ 35. Rxd3) 33... Bb7 $1 $19 {[%cal Rb7e4]} 34. exf5 exf5 ({Stronger than} 34... Qa5 35. f6 $16) 35. Bd3 {Hoping for Qh4!} Bf3 {...Qa7 is the strong threat.} 36. R5h4 Bg4 {White must now prevent ...Qa7.} 37. Rxg4 $2 (37. Qxb4 $15 Qc5 38. Qc3) 37... fxg4 $2 {[#]} (37... Rc8 $1 $19 {[%csl Gc8][%cal Rc7c1]} 38. Nf2 fxg4 39. Nxg4 Ne2 $1 {[%mdl 576] Back Rank}) 38. Qe4 $1 $11 {[%mdl 576] Double Attack} gxh3 $4 {[%mdl 8192]} (38... Qa7 $11 39. Rxh7+ Kg8 40. Rxg7+ Kxg7 41. Qh7+ Kf8) 39. Qxa8+ $18 Rg8 {[#]} 40. Qe4 $1 {[%csl Gd3,LRd4,LRh7][%cal Re4h7][%mdl 576] Double Attack} Rg7 {And now ...Ne6 would win.} 41. Qxd4 Qc5 42. Qg4 Rxg5 43. Qxh3 $40 {[%csl Gd3][%cal Rh3h7][%mdl 128] White goes for the king.} Rh5 {[#]} (43... h5 $16 {keeps fighting.} 44. Bc2 Kg7) 44. Qf3 $1 {[%cal Rf3f7]} Kg8 45. Ne3 Re5 {[#]} 46. Bc4 $1 Re7 47. Nf5 {Threatening mate with Qa8+.} Qg1+ 48. Kc2 {White wants to mate with Qa8+.} Ra7 49. Qe2 {[%cal Re2e8]} Kf8 50. Qd2 $2 ({Less strong is} 50. Nxd6 Re7 $16) (50. a4 $18 {and White stays clearly on top.}) 50... Rd7 $2 {[%mdl 8192]} (50... Qg6 $16 {is more resistant.}) 51. h4 Qg6 {[#]} 52. Qd5 $1 {Intending Qa8+ and mate.} Qf6 53. a4 {Accuracy: White = 59%, Black = 58%.} 1-0

[Event "ISR-chT 2019"]
[Site "Israel"]
[Date "2019.05.05"]
[Round "11.23"]
[White "Botvinnik, Mikhail"]
[Black "Haimovich, Tal"]
[Result "1/2-1/2"]
[WhiteElo "2348"]
[BlackElo "2409"]
[Annotator "TA"]
[PlyCount "135"]
[EventDate "2019.01.04"]
[EventType "team-tourn"]
[EventCountry "ISR"]
[SourceTitle "playchess.com"]
[Source "ChessBase"]
[SourceQuality "1"]

{[%evp 15,135,47,45,21,35,0,61,14,61,0,0,0,6,10,10,-22,-22,-27,-21,-53,-58,-50,-59,-67,-67,-107,-110,-126,-125,-126,-130,-127,-92,-90,-93,-87,-88,-154,-128,-145,-132,-131,-120,-120,-120,-120,-121,-133,-109,-113,-113,-113,-113,-113,-117,-117,-113,-113,-113,-111,-116,-115,-113,-143,-136,-212,-212,-209,-209,-197,-133,-236,-214,-597,-562,-533,-507,-1207,-503,-499,-207,-207,-171,-171,-171,-171,-171,-171,-171,-171,-171,-171,-171,-171,-171,-171,-171,-171,-171,-171,-171,-171,-171,-171,-171,-171,-171,-171,-171,-171,-171,-171,-171,-171,-171,-171,-171,-171,0,-171,-171,-171]} 1. c4 Nf6 2. Nc3 d6 3. g3 e5 4. Bg2 Nbd7 5. Nf3 c6 6. O-O Be7 7. e4 O-O 8. d4 Re8 9. d5 {A55: Old Indian Defence with Nf3 and e4} (9. b3 exd4 10. Nxd4 Bf8 11. Re1 a6 12. Bb2 Ne5 13. f4 Ng6 14. Qd2 Bd7 15. Rad1 b5 16. h3 bxc4 17. bxc4 {½-½ (78) Timman,J (2578)-Hjartarson,J (2640) Reykjavik 2004}) 9... Nc5 10. Nh4 $146 ({Predecessor:} 10. Qc2 a5 11. Be3 Na6 12. a3 Ng4 13. Bd2 Bd7 14. Ne1 cxd5 15. Nxd5 Rc8 16. a4 Be6 17. Nxe7+ Qxe7 {½-½ (63) Kukov,V (2351)-Chennaoui,Y (2064) El Ksiba 2019}) 10... Qb6 (10... Bg4 $11 11. Qc2 Rc8) 11. Rb1 {White is slightly better.} Qb4 12. Qe2 (12. Nf5 $14) 12... cxd5 $11 13. cxd5 Bg4 14. f3 Bd7 15. Nf5 Bxf5 $1 16. exf5 Na4 $36 {[%mdl 2048] Black has good play.} 17. Nxa4 Qxa4 18. b3 Qa5 19. b4 Qa4 20. Rd1 Rac8 21. Rb2 {[#]} Nxd5 $1 {[%mdl 576] Deflection} 22. Rxd5 Rxc1+ 23. Bf1 Qc6 24. Rbd2 Rc8 25. Kg2 Qc3 {Strongly threatening ...Bg5.} 26. h4 (26. Qe4 $142) 26... Qxb4 27. Qb5 Qxb5 28. Bxb5 h5 29. Ba4 a6 30. Bb3 Kf8 31. R5d3 R8c3 32. Rxc3 Rxc3 33. Rc2 Rxc2+ 34. Bxc2 $17 {[%mdl 4096] Endgame KB-KB} d5 35. Bb3 d4 36. Kf2 b5 37. Ke2 a5 38. Kd3 Bb4 39. Ke4 Be1 40. f4 (40. g4 $17 {is a better defense.}) 40... Bxg3 $19 41. fxe5 Bxh4 42. Kxd4 Be7 ({Better is} 42... Ke7 $19 43. Bd1 Bf2+ 44. Ke4 h4) 43. Kd5 (43. Ke4 $17) 43... h4 44. Kc6 $2 (44. Ke4 {is more resistant.}) 44... b4 45. Kb5 Bd8 46. f6 (46. Bd5 $142 Bc7 47. Bg2) 46... gxf6 (46... h3 $142 47. Kc5 gxf6 48. exf6 Bxf6) 47. exf6 h3 (47... Ke8 $142 48. Bd5 h3 49. Bc6+ Kf8) 48. Bd5 h2 49. Bg2 Bc7 50. Bc6 Kg8 {Threatens to win with ...Kh7.} 51. Be4 Bd8 52. Ka4 Bxf6 53. Kxa5 Be7 54. Kb5 Kg7 55. Kc4 {[#]} f5 $1 56. Bh1 (56. Bxf5 h1=Q) 56... Kf6 57. Kd3 Kg5 58. Ke3 Kg4 59. Bf3+ Kg3 60. Bh1 Bc5+ 61. Ke2 Kf4 62. Bg2 Bd4 63. Bh1 Bg1 64. Bg2 Ke5 65. Kd3 Kd6 66. Kc4 Ke5 {aiming for ...Kf4.} 67. Kd3 Bf2 68. Bh1 {Accuracy: White = 59%, Black = 60%.} 1/2-1/2

[Event "ISR-chT 2019"]
[Site "Israel"]
[Date "2019.05.05"]
[Round "11.24"]
[White "Ganor, Dotan"]
[Black "Bitensky, Igor"]
[Result "1/2-1/2"]
[WhiteElo "2276"]
[BlackElo "2377"]
[Annotator "RC"]
[PlyCount "33"]
[EventDate "2019.01.04"]
[EventType "team-tourn"]
[EventCountry "ISR"]
[SourceTitle "playchess.com"]
[Source "ChessBase"]
[SourceQuality "1"]
[TimeControl "40/5400+30:1800+30"]

1. e4 {[%emt 0:00:00]} g6 {[%emt 0:01:46]} 2. d4 {[%emt 0:00:00]} Bg7 {[%emt 0:00:01]} 3. Nc3 {[%emt 0:00:24]} d6 {[%emt 0:00:01]} 4. g3 {[%emt 0:01:16]} Nf6 {[%emt 0:00:01]} 5. Bg2 {[%emt 0:00:10]} O-O {[%emt 0:00:02]} 6. Nge2 {[%emt 0:00:24]} Nc6 {[%emt 0:00:25]} 7. O-O {[%emt 0:00:36]} e5 {[%emt 0:01:18]} 8. dxe5 {[%emt 0:01:25]} Nxe5 {[%emt 0:03:19]} 9. f4 {[%emt 0:05:22]} Ned7 {[%emt 0:02:34]} 10. h3 {[%emt 0:03:08]} Nc5 {[%emt 0:10:12]} 11. g4 {[%emt 0:11:11]} Rb8 {[%emt 0:02:46]} 12. Be3 {[%emt 0:12:25]} b6 {[%emt 0:10:29]} 13. Ng3 {[%emt 0:10:16]} Bb7 {[%emt 0:06:49]} 14. Bd4 {[%emt 0:06:14]} Ne6 {[%emt 0:03:49]} 15. Be3 {[%emt 0:00:10]} Nc5 {[%emt 0:00:33]} 16. Bd4 {[%emt 0:00:28]} Ne6 {[%emt 0:06:54]} 17. Be3 {[%emt 0:00:05]} 1/2-1/2

[Event "ISR-chT 2019"]
[Site "Israel"]
[Date "2019.05.05"]
[Round "11.25"]
[White "Moiseenko, Alexander"]
[Black "Flom, Gabriel"]
[Result "1-0"]
[WhiteElo "2642"]
[BlackElo "2480"]
[Annotator "TA"]
[PlyCount "129"]
[EventDate "2019.01.04"]
[EventType "team-tourn"]
[EventCountry "ISR"]
[SourceTitle "playchess.com"]
[Source "ChessBase"]
[SourceQuality "1"]

{[%evp 13,144,21,16,11,25,22,25,18,18,25,32,6,11,7,6,7,7,6,0,-25,0,0,0,0,0,-16,-22,-22,0,0,0,0,30,0,16,19,30,51,109,105,108,39,56,42,61,20,27,33,28,25,37,12,40,41,51,50,55,59,68,15,20,13,10,13,17,8,19,8,53,62,150,148,195,196,338,338,338,330,330,330,393,136,585,688,660,362,666,475,476,464,450,318,482,482,482,482,482,482,476,476,468,443,442,442,442,442,442,249,249,249,249,249,249,249,249,227,249,249,249,156,156,139,139,139,143,143,29984,29985,29986,29987,29986,29987,29987]} 1. d4 d5 2. c4 c6 3. Nf3 Nf6 4. Qb3 dxc4 5. Qxc4 Bf5 6. g3 e6 7. Bg2 Be7 8. O-O {D23: Queen's Gambit Accepted: 3 Nf3 Nf6 sidelines} O-O 9. e3 Ne4 $146 ({Predecessor:} 9... Nbd7 10. Qe2 Qa5 11. Nc3 Ne4 12. Bd2 Nxd2 13. Nxd2 Rfd8 14. Rfd1 Rac8 15. e4 Bg6 {½-½ (25) Bu,X (2725)-Shankland,S (2671) Liaocheng 2018}) 10. Nfd2 {White has an edge.} Nxd2 11. Nxd2 Bg6 12. b4 b5 13. Qc3 a5 14. bxa5 Qxa5 15. Qxa5 Rxa5 16. Nb3 Ra4 17. Bb2 Bd3 18. Rfc1 Bc4 19. Bf3 Ra6 20. Bd1 Nd7 21. a4 Rfa8 22. Nd2 $36 {[%mdl 2048] White has good play.} Nb6 {[%cal Rb6a4]} 23. Ba3 Bf6 24. Bb4 Bd3 25. Rxc6 Nxa4 (25... bxa4 $14 26. Bc5 Nd7 27. Rxa4 Rxa4 28. Bxa4 Nxc5 29. Rxc5 (29. dxc5 Kf8 $11) 29... Be7) 26. Rxa6 $16 Rxa6 27. Rc1 (27. Ra3 $16 Bg6 28. h4) 27... Nb6 28. Bc2 Be2 29. f3 h5 30. Kf2 Bc4 31. Nxc4 bxc4 32. Be4 g5 33. Bc5 Ra2+ 34. Rc2 Rxc2+ 35. Bxc2 $14 {[%mdl 4096] Endgame KBB-KBN} Bd8 36. Ke2 ({White should try} 36. e4 $14) 36... f5 $11 37. e4 fxe4 38. fxe4 Nd7 39. Bb4 Nf6 40. Kd2 Kf7 41. Kc3 Be7 (41... Bc7 $14) 42. Ba5 $16 e5 {[#]} 43. d5 $1 ({Much less strong is} 43. dxe5 $6 Ng4 $16) ({Don't do} 43. Kxc4 $6 Ng4 $16) 43... Bc5 (43... Ne8 {was worth a try.} 44. Kxc4 Nd6+ 45. Kb3 g4) 44. Kxc4 $18 Bg1 45. h4 gxh4 46. gxh4 Bf2 47. Bc7 $2 (47. Kb5 $18 {and the rest is easy.}) 47... Ng4 $2 {[%mdl 8192]} (47... Bxh4 $16 48. Kb5 (48. Bxe5 Nd7 $16) 48... Bg5) 48. Kb5 Bxh4 49. Kc6 Bf6 $2 (49... Kg6 50. d6 Kg5) 50. Bd1 Kg6 51. d6 {Black must now prevent Bxg4.} Ne3 52. Bf3 Kg5 (52... Nc2 {was called for.} 53. Bd1 Nb4+ 54. Kb5 Nd3) 53. d7 Kf4 54. Bxh5 Kxe4 55. Bg6+ Kf4 56. Kd6 Kg5 57. Be4 Kf4 58. Ke6 Ng4 59. Bf5 {Intending Bxg4 and mate.} Bh4 60. Bxg4 (60. Bg6 $142) 60... Kxg4 61. Bxe5 {Threatening mate with Bf6. KB-KB} Bd8 62. Bd6 Kf3 63. Be7 Ba5 64. Kd5 Kg4 65. Ke4 {Played: Be7-b4} 1-0

[Event "ISR-chT 2019"]
[Site "Israel"]
[Date "2019.05.05"]
[Round "11.26"]
[White "Zubov, Alexander"]
[Black "Sutovsky, Emil"]
[Result "1/2-1/2"]
[WhiteElo "2597"]
[BlackElo "2643"]
[Annotator "TA"]
[PlyCount "25"]
[EventDate "2019.01.04"]
[EventType "team-tourn"]
[EventCountry "ISR"]
[SourceTitle "playchess.com"]
[Source "ChessBase"]
[SourceQuality "1"]

{[%evp 9,19,22,17,0,0,0,0,0,23,15,22,7]} 1. d4 Nf6 2. c4 g6 3. Nc3 d5 4. e3 Bg7 5. cxd5 Nxd5 6. Nxd5 {D80: Grünfeld: Unusual White 4th moves and 4 Bg5} Qxd5 7. Ne2 O-O 8. Nc3 Qa5 9. Bd2 c6 10. Bc4 {Predecessor:} e5 $146 11. d5 Qc5 12. Bb3 cxd5 13. Nxd5 {1-0 (44) Salem,A (2531)-Popov,I (2632) Khanty-Mansiysk 2013} 1/2-1/2

[Event "ISR-chT 2019"]
[Site "Israel"]
[Date "2019.05.05"]
[Round "11.27"]
[White "Smirin, Ilia"]
[Black "Kantarji, Pinchas"]
[Result "1/2-1/2"]
[WhiteElo "2605"]
[BlackElo "2440"]
[Annotator "TA"]
[PlyCount "156"]
[EventDate "2019.01.04"]
[EventType "team-tourn"]
[EventCountry "ISR"]
[SourceTitle "playchess.com"]
[Source "ChessBase"]
[SourceQuality "1"]

{[%evp 30,156,51,48,46,47,58,30,30,32,33,33,35,33,38,8,22,19,38,26,23,23,100,64,67,4,66,65,100,85,70,72,78,83,105,-38,-33,-52,-54,-80,-79,-174,-102,-111,-9,-128,-127,-505,-148,-142,2,-294,8,25,231,231,380,380,380,380,380,379,379,379,372,341,381,373,437,139,152,0,448,0,0,0,0,0,0,-60,-60,-60,-60,-60,-70,-85,-85,-85,-85,-85,-85,-85,-86,-86,-85,-86,-71,-85,-71,-85,-85,-85,-85,-85,-85,-85,-85,-85,-85,-85,-85,-85,-85,-85,-85,-85,-78,-85,-85,-86,-85,-86,-86,-86,-85,-85,0,-85,-85]} 1. e4 e5 2. Nf3 Nc6 3. Bb5 a6 4. Ba4 Nf6 5. O-O Be7 6. Re1 b5 7. Bb3 d6 8. c3 O-O 9. h3 Na5 10. Bc2 c5 11. d4 Qc7 12. Nbd2 Nc6 13. d5 Nd8 14. a4 Rb8 15. axb5 axb5 16. b4 Nb7 {C98: Closed Ruy Lopez: Chigorin Defence: 11 d4 Qc7 12 Nbd2 Nc6} 17. Nf1 Bd7 18. Ng3 (18. Bd2 Ra8 19. Ne3 Rfb8 20. Bd3 c4 21. Bc2 Rxa1 22. Qxa1 Qc8 23. Qb2 Ra8 24. Ra1 {½-½ (120) Neiksans,A (2624)-Stern,R (2521) Germany 2017}) 18... Ra8 $146 {White has an edge.} ({Predecessor:} 18... c4 19. Be3 Rfc8 20. Ra3 Qd8 21. Qd2 Ra8 {½-½ (21) Marosi,L (2037)-Peczely,S (2147) Balatonlelle 2013}) 19. Rb1 Rfc8 {White should prevent ...cxb4.} 20. Bd3 g6 21. Nh2 Ra2 22. f4 Qb6 23. Kh1 $1 cxb4 24. Be3 Qa6 25. cxb4 Qa3 (25... Rc3 $1 $11 26. Ne2 Nxe4 27. Nxc3 Nxc3) 26. Rb3 Qa4 27. Nf3 (27. Ne2 $14) 27... exf4 (27... Ra3 $1 $11 28. Rxa3 Qxa3) 28. Bxf4 $14 Ne8 29. e5 Na5 30. bxa5 Qxf4 31. Ne2 Qh6 32. Bxb5 (32. e6 $1 $16 {[%cal Re6d7]} fxe6 33. Bxb5 Bxb5 34. Rxb5) 32... Bxb5 $15 (32... Bxh3 $6 33. gxh3 Qxh3+ 34. Nh2 $16) 33. Rxb5 dxe5 34. Nxe5 Bd6 35. Nc6 (35. Ng1 $17 {was worth a try.}) 35... Rd2 (35... Qg5 36. Qb1 $11) (35... Nf6 $19 {aiming for ...Ne4.} 36. Rb3 Qh4) 36. Qa1 Qg5 (36... Qh4 $1 $17 37. Qc1 Ra2) 37. Qc3 (37. Rb2 $11) 37... Nc7 $17 38. Rb7 $2 {[%mdl 8192]} (38. Rb2 $17 {is more resistant.} Rxb2 39. Qxb2) 38... Nxd5 $2 (38... Re8 $19 39. Ncd4 Qf4 $1 {[%mdl 576] Pin}) 39. Qf3 Nf6 ({Black should try} 39... Rf8 $1 $17 {Hoping for ...Rxe2!} 40. Rbb1 Re8) 40. a6 $2 {[%mdl 8192] [#]} (40. Ne7+ $11 {and White has nothing to worry.} Bxe7 41. Rxe7) 40... Rxe2 $2 (40... Qh4 $1 $19 {[%mdl 512]} 41. Rf1 Rxe2 $1 {[%mdl 512]}) 41. Qxe2 $40 {[%mdl 128] Ne7+ is the strong threat. White is up to no good.} Rxc6 $2 {[#]} (41... Qf4 $1 $11 42. Ne5 (42. Ne7+ $2 Kf8 $19) 42... Nh5) 42. a7 $1 $18 {[%cal Ra7a8]} Qg3 (42... Rc8 $142 43. Qa2 Kg7 44. Qxf7+ Kh6 45. Qg7+ (45. Rf1 Qe5 $15) 45... Kh5) 43. a8=Q+ Kg7 {[%csl Gd6][%cal Rg3h2] [#]} 44. Rxf7+ $1 Kxf7 {[%csl Gd6][%cal Rg3h2]} 45. Qa7+ ({Don't take} 45. Kg1 Rc2 $18) 45... Rc7 {[%csl Gd6][%cal Rg3h2]} 46. Qg1 Kg7 47. Qb2 Rc3 {With the idea ...Bc5.} 48. Re6 Be5 49. Qe2 $2 (49. Qb4 $18 {and White stays clearly on top. White threatens Qe7+ and mate.} Rc1 50. Qe7+ Kh8 51. Rxe5 Rxg1+ 52. Kxg1) 49... Bf4 $16 {Strongly threatening ...Rc1.} 50. Qb2 $2 (50. Qef2 $16 {Threatens to win with Qxg3.} Nh5 51. Re4 Qxf2 52. Qxf2 Ng3+ 53. Kh2 Nxe4+ 54. Qxf4) 50... Be5 $1 $18 51. Qd2 $2 (51. Qb4 $18 {Intending Qe7+ and mate.} Rc1 52. Qe7+ Kh8 53. Rxe5 Rxg1+ 54. Kxg1) 51... Ne4 $1 $11 {[%cal Re4d2]} 52. Re7+ Kf6 53. Qb6+ Bd6 {[%csl Gd6][%cal Rg3h2]} 54. Qdd4+ (54. Rxe4 $2 {is a self mate.} Qh2#) ({Better is} 54. Qbd4+ $11 Kxe7 55. Qxe4+ Kd8 56. Qa8+ Ke7 57. Qb7+ Rc7 58. Qe2+ (58. Qe4+ Kd8 $11) 58... Kd8 59. Qa8+ Rc8 60. Qa5+ Rc7 61. Qa8+ Rc8 62. Qa5+ Rc7 63. Kg1 Bc5+ 64. Kh1 Bd6) 54... Kg5 $15 {[%csl Gd6][%cal Rg3h2]} 55. Qa5+ Rc5 56. Qaxc5+ $1 Nxc5 {[%csl Gd6][%cal Rg3h2]} 57. h4+ {[%mdl 64] Decoy} Qxh4+ 58. Qxh4+ Kxh4 59. Rxh7+ Kg5 60. Ra7 Ne4 61. Ra4 Kf5 62. Kg1 g5 63. Kf1 Bc5 64. Ra8 Ng3+ 65. Ke1 Be3 66. Rf8+ Kg4 67. Re8 Bg1 68. Rf8 Bd4 69. Rf3 Nf5 {White must now prevent ...Nh4!} 70. Kf1 Ne3+ 71. Kg1 Nc4+ 72. Kh1 Be3 (72... Be5 {is more complex.} 73. Rd3 Kf4 74. Kg1 Ne3 75. Kf2 Nf5) 73. Rh3 Bf4 74. Rf3 Ne3 75. Rf2 Nf5 76. Rf3 Nh4 77. Rb3 Nf5 (77... Bd6 $17 78. Kg1 Nf5) 78. Kg1 (78. Rf3 $1 $11 {keeps the balance.}) 78... Ne3 {Accuracy: White = 38%, Black = 43%.} 1/2-1/2

[Event "ISR-chT 2019"]
[Site "Israel"]
[Date "2019.05.05"]
[Round "11.28"]
[White "Bykhovsky, Avigdor"]
[Black "Bar, Roman"]
[Result "1/2-1/2"]
[WhiteElo "2408"]
[BlackElo "2497"]
[Annotator "RC"]
[PlyCount "39"]
[EventDate "2019.01.04"]
[EventType "team-tourn"]
[EventCountry "ISR"]
[SourceTitle "playchess.com"]
[Source "ChessBase"]
[SourceQuality "1"]
[TimeControl "40/5400+30:1800+30"]

1. d4 {[%emt 0:00:00]} Nf6 {[%emt 0:00:00]} 2. c4 {[%emt 0:00:34]} e6 {[%emt 0:00:00]} 3. Nf3 {[%emt 0:00:07]} Bb4+ {[%emt 0:00:03]} 4. Bd2 {[%emt 0:00:14]} Qe7 {[%emt 0:00:10]} 5. Nc3 {[%emt 0:02:41]} O-O {[%emt 0:00:50]} 6. g3 {[%emt 0:00:53]} d6 {[%emt 0:00:47]} 7. Bg2 {[%emt 0:00:31]} e5 {[%emt 0:01:16]} 8. O-O {[%emt 0:00:55]} Bxc3 {[%emt 0:00:40]} 9. Bxc3 {[%emt 0:00:09]} e4 {[%emt 0:00:09]} 10. Ne1 {[%emt 0:01:49]} d5 {[%emt 0:00:12]} 11. Nc2 {[%emt 0:04:56]} Rd8 {[%emt 0:09:50]} 12. c5 {[%emt 0:06:22]} Be6 {[%emt 0:21:55]} 13. b4 {[%emt 0:02:41]} Qd7 {[%emt 0:02:18]} 14. a4 {[%emt 0:01:41]} Nc6 {[%emt 0:02:56]} 15. Bd2 {[%emt 0:04:31]} h6 {[%emt 0:04:09]} 16. Ra3 {[%emt 0:04:27]} Ne7 {[%emt 0:05:55]} 17. f3 {[%emt 0:13:35]} exf3 {[%emt 0:11:00]} 18. exf3 {[%emt 0:00:28]} Ng6 {[%emt 0:00:08]} 19. Ne3 {[%emt 0:10:56]} Re8 {[%emt 0:05:31]} 20. Rc3 {[%emt 0:07:57]} 1/2-1/2

[Event "ISR-chT 2019"]
[Site "Israel"]
[Date "2019.05.05"]
[Round "11.29"]
[White "Golod, Vitali"]
[Black "Mesropov, Konstantin"]
[Result "1/2-1/2"]
[WhiteElo "2503"]
[BlackElo "2413"]
[Annotator "RC"]
[PlyCount "32"]
[EventDate "2019.01.04"]
[EventType "team-tourn"]
[EventCountry "ISR"]
[SourceTitle "playchess.com"]
[Source "ChessBase"]
[SourceQuality "1"]
[TimeControl "40/5400+30:1800+30"]

1. d4 {[%emt 0:00:00]} Nf6 {[%emt 0:00:00]} 2. c4 {[%emt 0:00:18]} e6 {[%emt 0:00:02]} 3. Nf3 {[%emt 0:00:54]} Bb4+ {[%emt 0:02:51]} 4. Bd2 {[%emt 0:00:57]} Qe7 {[%emt 0:04:30]} 5. g3 {[%emt 0:00:53]} O-O {[%emt 0:07:25]} 6. Nc3 {[%emt 0:03:14]} b6 {[%emt 0:02:43]} 7. Bg2 {[%emt 0:03:04]} Bb7 {[%emt 0:03:05]} 8. O-O {[%emt 0:03:13]} a5 {[%emt 0:05:34]} 9. Rc1 {[%emt 0:04:56]} d6 {[%emt 0:04:09]} 10. d5 {[%emt 0:04:25]} e5 {[%emt 0:11:53]} 11. Nh4 {[%emt 0:04:12]} Bc8 {[%emt 0:53:18]} 12. e4 {[%emt 0:02:15]} Na6 {[%emt 0:00:00]} 13. Nb5 {[%emt 0:05:53]} Bxd2 {[%emt 0:00:00]} 14. Qxd2 {[%emt 0:01:11]} Bd7 {[%emt 0:00:00]} 15. Nc3 {[%emt 0:06:52]} Nc5 {[%emt 0:00:00]} 16. b3 {[%emt 0:03:12]} g6 {[%emt 0:00:00]} 1/2-1/2